Statistics for Guess that random country #1

Click here to take the quiz!

General Stats

  • This quiz has been taken 21 times
  • The average score is 2 of 10

Answer Stats

HintAnswer% Correct
FranceFrance
95%
Poland
26%
Brazil
16%
China
16%
India
11%
Russia
11%
Cuba
5%
Jordan
5%
Nepal
0%
Uzbekistan
0%

Score Distribution

Percentile by Number Answered

Percent of People with Each Score

Your Score History

You have not taken this quiz